राजराजेश्वर परशुराम (Record no. 957843)

MARC details
000 -LEADER
fixed length control field 00326nam a2200121Ia 4500
008 - FIXED-LENGTH DATA ELEMENTS--GENERAL INFORMATION
fixed length control field 151001s9999||||xx |||||||||||||| ||und||
100 ## - MAIN ENTRY--PERSONAL NAME
Personal name म स पारखे
245 ## - TITLE STATEMENT
Title राजराजेश्वर परशुराम
250 ## - EDITION STATEMENT
Edition statement 1
260 ## - PUBLICATION, DISTRIBUTION, ETC. (IMPRINT)
Name of publisher, distributor, etc मोंडकर अ.जा.
300 ## - PHYSICAL DESCRIPTION
Extent 123
365 ## - TRADE PRICE
Price amount 22

No items available.